Հայրենաշեն : (Record no. 98034)
[ view plain ]
| 000 -LEADER | |
|---|---|
| fixed length control field | 00769nam a2200205 a 4500 |
| 001 - CONTROL NUMBER | |
| control field | 000270976 |
| 003 - CONTROL NUMBER IDENTIFIER | |
| control field | AM-YeHGA |
| 005 - DATE AND TIME OF LATEST TRANSACTION | |
| control field | 20250618071803.0 |
| 008 - FIXED-LENGTH DATA ELEMENTS--GENERAL INFORMATION | |
| fixed length control field | 031011s1963 ai 000 | arm d |
| 040 ## - CATALOGING SOURCE | |
| Original cataloging agency | AM-YeHGA |
| 090 ## - LOCALLY ASSIGNED LC-TYPE CALL NUMBER (OCLC); LOCAL CALL NUMBER (RLIN) | |
| -- | 99343 |
| 100 1# - MAIN ENTRY--PERSONAL NAME | |
| Personal name | Թափալցյան, Քրիստափոր Կնյազի, |
| Dates associated with a name | 1910-1967 |
| 9 (RLIN) | 1150 |
| 245 10 - TITLE STATEMENT | |
| Title | Հայրենաշեն : |
| Remainder of title | Վեպ / |
| Statement of responsibility, etc. | Ք. Թափալցյան; Խմբ.՝ Գ.Ե. Հովսեփյան, Ա.Ս.Քիշոյան. |
| 260 ## - PUBLICATION, DISTRIBUTION, ETC. | |
| Place of publication, distribution, etc. | Երևան : |
| Name of publisher, distributor, etc. | Հայաստան, |
| Date of publication, distribution, etc. | 1963. |
| 300 ## - PHYSICAL DESCRIPTION | |
| Extent | Գիրք ; |
| Dimensions | 20 սմ. |
| 505 00 - FORMATTED CONTENTS NOTE | |
| Miscellaneous information | Գ. 1 (1963, 583 էջ) |
| -- | Գ. 2 (1973, 394 էջ) |
| 650 14 - SUBJECT ADDED ENTRY--TOPICAL TERM | |
| Topical term or geographic name entry element | Հայ գրականություն |
| General subdivision | Վեպ |
| 700 1# - ADDED ENTRY--PERSONAL NAME | |
| Personal name | Հովսեփյան, Գ.Ե. |
| Relator term | խմբ. |
| Relationship | edt |
| 700 1# - ADDED ENTRY--PERSONAL NAME | |
| Personal name | Քիշոյան, Ա.Ս. |
| Relator term | խմբ. |
| Relationship | edt |
| Withdrawn status | Lost status | Damaged status | Not for loan | Collection | Home library | Current library | Date acquired | Serial enumeration / chronology | Total checkouts | Full call number | Barcode | Date last seen | Price effective from | Koha item type | Public note | Cost, replacement price |
|---|---|---|---|---|---|---|---|---|---|---|---|---|---|---|---|---|
| General | Fundamental Scientific Library | Fundamental Scientific Library | 22/12/2016 | 2 | 891.981 | 220050879 | 22/12/2016 | 22/12/2016 | Գրքեր / Books | 30 Days Loan | ||||||
| General | Fundamental Scientific Library | Fundamental Scientific Library | 22/12/2016 | 2 | 891.981 | 220050880 | 22/12/2016 | 22/12/2016 | Գրքեր / Books | 30 Days Loan | ||||||
| General | Fundamental Scientific Library | Fundamental Scientific Library | 22/12/2016 | 2 | 891.981 | 220050881 | 22/12/2016 | 22/12/2016 | Գրքեր / Books | 30 Days Loan | ||||||
| General | Fundamental Scientific Library | Fundamental Scientific Library | 22/12/2016 | 2 | 891.981 | 220050882 | 22/12/2016 | 22/12/2016 | Գրքեր / Books | 30 Days Loan | ||||||
| General | Fundamental Scientific Library | Fundamental Scientific Library | 22/12/2016 | 1 | AII/22525 | FL0005185 | 22/12/2016 | 22/12/2016 | Գրքեր / Books | 30 Days Loan | 94.00 | |||||
| General | Fundamental Scientific Library | Fundamental Scientific Library | 22/12/2016 | 1 | AII/22526 | FL0005186 | 22/12/2016 | 22/12/2016 | Գրքեր / Books | 30 Days Loan | 94.00 | |||||
| General | Fundamental Scientific Library | Fundamental Scientific Library | 22/12/2016 | 1 | AII/22527 | FL0005187 | 22/12/2016 | 22/12/2016 | Գրքեր / Books | 30 Days Loan | 94.00 | |||||
| General | Fundamental Scientific Library | Fundamental Scientific Library | 22/12/2016 | 1 | AII/22528 | FL0005188 | 22/12/2016 | 22/12/2016 | Գրքեր / Books | 30 Days Loan | 94.00 |
ՀՀ Գիտությունների ազգային ակադեմիայի հիմնարար գիտական գրադարան = Fundamental Scientific Library of NAS RA
All site content, except where otherwise noted, is licensed under a